Inside Japanese ceramics : (Record no. 12269)

000 -LEADER
fixed length control field 00474pam a2200157 a 4500
020 ## - INTERNATIONAL STANDARD BOOK NUMBER
ISBN 0834803461
040 ## - CATALOGING SOURCE
Transcribing agency DLC
082 00 - DEWEY DECIMAL CLASSIFICATION NUMBER
Classification number 738 WEA 1995 A086 Or.
100 1# - MAIN ENTRY--AUTHOR NAME
Personal name Wilson, Richard L.,
245 10 - TITLE STATEMENT
Title Inside Japanese ceramics :
Remainder of title a primer of materials, techniques, and traditions /
250 ## - EDITION STATEMENT
Edition statement 1st ed.
260 ## - PUBLICATION, DISTRIBUTION, ETC. (IMPRINT)
Place of publication New York :
Name of publisher Weatherhill,
Year of publication 1995.
300 ## - PHYSICAL DESCRIPTION
Number of Pages 190 p., [16] p. of plates :
Other physical details ill. (some col.), map ;
Dimensions 27 cm.
650 #0 - SUBJECT ADDED ENTRY--TOPICAL TERM
Topical Term Pottery, Japanese
942 ## - ADDED ENTRY ELEMENTS (KOHA)
Koha item type សៀវភៅភាសាអង់គ្លេស
952 ## - LOCATION AND ITEM INFORMATION (KOHA)
Withdrawn status [LOCAL, KOHA] 0
Holdings
Permanent Location Date acquired Koha item type Lost status Shelving location Barcode Current Location Full call number
Library Block A2017-08-11សៀវភៅភាសាអង់គ្លេស A086A16265Library Block A738 WEA 1995 A086 Or.
មជ្ឈមណ្ឌលឯការនៃសាកលវិទ្យាល័យភូមិន្ទកសិកម្មចំការដូង

Powered by Koha